| 000 | 00491nam a2200181Ia 4500 | ||
|---|---|---|---|
| 008 | 240925s9999 xx 000 0 und d | ||
| 020 | _a534100627 | ||
| 082 | _a510 KUH | ||
| 100 | _aKuhfilling, Peter | ||
| 245 | 0 | _aBasic Technical Mathematics with Calculus | |
| 250 | _a2nd | ||
| 260 |
_aCalifornia: _bBrook/ Cale Publishing _c,1989. |
||
| 300 |
_aix,966p. _bNA _fOriginal |
||
| 500 | _aIncludes Index | ||
| 600 | _aHumanities & Natural Science | ||
| 650 | _aMathematics | ||
| 942 | _cBK | ||
| 999 |
_c6574 _d6574 |
||